[Event "North Wales Fide Open"]
[Site "Colwyn Bay"]
[Date "2016.07.02"]
[Round "3"]
[White "De Coverly, Roger D"]
[Black "McDonagh, Michael"]
[Result "1-0"]
[WhiteElo "2082"]
[BlackElo "1901"]
[PlyCount "105"]
[EventDate "2016.??.??"]
[EventType "swiss"]
[EventRounds "5"]
[EventCountry "WLS"]

1. e4 e5 2. Nf3 Nf6 3. Nxe5 Nxe4 4. Qe2 Qe7 5. Qxe4 d6 6. d4 dxe5 7. dxe5 Nc6
8. Nc3 Qxe5 9. Qxe5+ Nxe5 10. Bf4 Bd6 11. Bg3 Bd7 12. Ne4 Bc6 13. Nxd6+ cxd6
14. O-O-O O-O-O 15. f4 Ng4 16. Rd2 Ne3 17. Bf2 Rhe8 18. Bxe3 Rxe3 19. Bd3 Be4
20. Bxe4 Rxe4 21. g3 Kc7 22. Rhd1 Kc6 23. b3 f5 24. c4 h5 25. Rd5 g6 26. R1d2
b6 27. Kc2 h4 28. R5d3 a5 29. Kc3 Kc5 30. a3 Kc6 31. b4 axb4+ 32. axb4 h3 33.
b5+ Kc7 34. Kb4 d5 35. Rd4 Rxd4 36. Rxd4 Re8 37. Rxd5 Re2 38. Re5 Rxh2 39. Re7+
Kd6 40. Rg7 Rb2+ 41. Kc3 Rg2 42. Rxg6+ Ke7 43. Rxb6 Rxg3+ 44. Kd4 Rg4 45. Rh6
Rxf4+ 46. Kc5 Rf3 47. b6 Kd7 48. Rh7+ Ke6 49. Kc6 f4 50. b7 Rb3 51. Rxh3 Rb4
52. c5 Ke5 53. Kc7 1-0

[Event "North Wales Fide Open"]
[Site "Colwyn Bay"]
[Date "2016.07.02"]
[Round "3"]
[White "McCusker, Andrew"]
[Black "Shakespeare, John"]
[Result "1/2-1/2"]
[WhiteElo "1653"]
[BlackElo "1928"]
[PlyCount "56"]
[EventDate "2016.??.??"]
[EventType "swiss"]
[EventRounds "5"]
[EventCountry "WLS"]

1. c4 c5 2. g3 Nc6 3. Bg2 e6 4. Nc3 Nf6 5. e4 d6 6. d3 Be7 7. Nge2 Bd7 8. h3
O-O 9. O-O Rb8 10. f4 a6 11. Be3 b5 12. b3 Qb6 13. g4 Nd4 14. f5 b4 15. Nb1
exf5 16. exf5 Nxe2+ 17. Qxe2 Bc6 18. g5 Nd7 19. f6 gxf6 20. Bd4 cxd4 21. Qxe7
Bxg2 22. Kxg2 Qc6+ 23. Qe4 Qxe4+ 24. dxe4 Rfe8 25. Nd2 fxg5 26. Rae1 Nc5 27.
Rf5 Ne6 28. Kg3 Rbc8 1/2-1/2

[Event "North Wales Fide Open"]
[Site "Colwyn Bay"]
[Date "2016.07.12"]
[Round "3"]
[White "Guy, David"]
[Black "Betts, Richard"]
[Result "0-1"]
[WhiteElo "1870"]
[BlackElo "1802"]
[PlyCount "68"]
[EventDate "2016.??.??"]
[EventType "swiss"]
[EventRounds "5"]
[EventCountry "WLS"]

1. d4 Nf6 2. Nf3 e6 3. c4 d5 4. Nc3 c6 5. e3 Bd6 6. Bd3 dxc4 7. Bxc4 b5 8. Bd3
Nbd7 9. O-O O-O 10. e4 e5 11. d5 cxd5 12. Nxb5 dxe4 13. Bc2 exf3 14. Qxd6 fxg2
15. Rd1 Qb6 16. Qxb6 Nxb6 17. Kxg2 Bb7+ 18. Kg1 a6 19. Nd6 Bf3 20. Re1 Rfd8 21.
Nf5 e4 22. Bg5 Nbd5 23. Bb3 Rd7 24. Rac1 h6 25. Bh4 Kh7 26. Bg3 Nh5 27. Be5
Ndf4 28. Rc7 Nh3+ 29. Kf1 Rd2 30. Rec1 Rxf2+ 31. Ke1 f6 32. Bd6 Re2+ 33. Kf1
Rd8 34. Bb4 Rxh2 0-1

[Event "North Wales Fide Open"]
[Site "Colwyn Bay"]
[Date "2016.07.02"]
[Round "3"]
[White "Forster, James Connor C"]
[Black "Wilson, Matthew R"]
[Result "1/2-1/2"]
[WhiteElo "1841"]
[BlackElo "1772"]
[PlyCount "67"]
[EventDate "2016.??.??"]
[EventType "swiss"]
[EventRounds "5"]
[EventCountry "WLS"]

1. d4 Nf6 2. c4 c5 3. Nf3 g6 4. Nc3 Bg7 5. Bf4 cxd4 6. Nxd4 d6 7. Nb3 O-O 8. e4
Nc6 9. Be2 b6 10. O-O a6 11. Qd2 Re8 12. f3 Nd7 13. Be3 Nc5 14. Nd4 Ne5 15. b4
Ne6 16. Nd5 Nxd4 17. Bxd4 Rb8 18. Qc3 e6 19. Ne3 f6 20. Qb3 Bb7 21. Rfd1 Qc7
22. Rac1 a5 23. a3 axb4 24. axb4 Bc6 25. Ra1 Ra8 26. Rdc1 Rxa1 27. Bxa1 Qb7 28.
Bd4 Bh6 29. Rc2 Ra8 30. Ra2 Kf7 31. Kf2 Rxa2 32. Qxa2 Nd7 33. Bd1 Qa8 34. Qxa8
1/2-1/2

[Event "North Wales Fide Open"]
[Site "Colwyn Bay"]
[Date "2016.07.02"]
[Round "3"]
[White "Greatorex, Roger"]
[Black "Kirkwood, Robin"]
[Result "1/2-1/2"]
[WhiteElo "1827"]
[BlackElo "1632"]
[PlyCount "58"]
[EventDate "2016.??.??"]
[EventType "swiss"]
[EventRounds "5"]
[EventCountry "WLS"]

1. d4 c6 2. Nf3 d5 3. Bf4 Nf6 4. Nbd2 Bf5 5. e3 e6 6. Be2 Bd6 7. Bxd6 Qxd6 8.
Ne5 Nbd7 9. g4 Bg6 10. h4 h5 11. Nxg6 fxg6 12. g5 Ng8 13. c4 Ne7 14. c5 Qc7 15.
Qb3 e5 16. dxe5 Nxe5 17. Qc3 O-O 18. O-O Nf5 19. f4 Ng4 20. Bxg4 hxg4 21. e4
dxe4 22. Nxe4 Rae8 23. Rae1 Nxh4 24. Nd6 Rxe1 25. Qxe1 Nf3+ 26. Rxf3 gxf3 27.
Qe6+ Kh7 28. Qh3+ Kg8 29. Qe6+ Kh7 1/2-1/2

[Event "North Wales Fide Open"]
[Site "Colwyn Bay"]
[Date "2016.07.02"]
[Round "3"]
[White "Rahulan, Thivyaa"]
[Black "Lochte, Szilvia"]
[Result "0-1"]
[WhiteElo "1378"]
[BlackElo "1876"]
[PlyCount "106"]
[EventDate "2016.??.??"]
[EventType "swiss"]
[EventRounds "5"]
[EventCountry "WLS"]

1. e4 c5 2. b3 Nc6 3. Bb2 d6 4. Nc3 Nf6 5. Nf3 e6 6. d4 cxd4 7. Nxd4 Be7 8. Be2
a6 9. a4 Qc7 10. O-O Bd7 11. Qd2 O-O 12. Rad1 Rfd8 13. Rfe1 Rac8 14. Qe3 Nb4
15. Rd2 d5 16. e5 Ne8 17. Bd1 Bc5 18. Qg3 Qb6 19. Nf3 Nc6 20. Ree2 Ne7 21. Nh4
g6 22. Qg5 Ng7 23. g4 Qb4 24. h3 Bc6 25. Na2 Qb6 26. c3 Qc7 27. b4 Ba7 28. Nf3
d4 29. Nxd4 Bxd4 30. cxd4 Bf3 31. Re1 Bxd1 32. Rexd1 Nd5 33. Rc1 Qd7 34. a5
Rxc1+ 35. Bxc1 Rc8 36. Rd1 Qa4 37. Qd2 Rc2 38. Qg5 Rxa2 39. Rf1 Qd7 40. f4 Nxb4
41. Rd1 Qd5 42. Rd2 Rxd2 43. Bxd2 Qxd4+ 44. Kh1 Qxd2 45. Qe7 Qd5+ 46. Kg1 Nd3
47. Qc7 Qc5+ 48. Qxc5 Nxc5 49. Kf2 Nb3 50. Ke3 Nxa5 51. Ke4 Nc6 52. f5 exf5+
53. gxf5 Nxf5 0-1

[Event "North Wales Fide Open"]
[Site "Colwyn Bay"]
[Date "2016.07.03"]
[Round "4"]
[White "Dineley, Richard"]
[Black "Jameson, David"]
[Result "1-0"]
[WhiteElo "2259"]
[BlackElo "2125"]
[PlyCount "99"]
[EventDate "2016.??.??"]
[EventType "swiss"]
[EventRounds "5"]
[EventCountry "WLS"]

1. e4 e5 2. Nf3 Nc6 3. d4 exd4 4. Nxd4 Nf6 5. Nxc6 bxc6 6. e5 Qe7 7. Qe2 Nd5 8.
c4 Ba6 9. Nd2 g6 10. Nf3 Qb4+ 11. Kd1 Qa4+ 12. Qc2 Qxc2+ 13. Kxc2 Nb6 14. b3
Bg7 15. Bb2 O-O 16. Re1 Rfe8 17. Bd3 d5 18. exd6 cxd6 19. Bxg7 Kxg7 20. Be4 d5
21. cxd5 f5 22. Bd3 Bxd3+ 23. Kxd3 Nxd5 24. Kc4 Nf4 25. Rxe8 Rxe8 26. Re1 Re4+
27. Rxe4 fxe4 28. Ng5 e3 29. fxe3 Nxg2 30. e4 h6 31. Nf3 g5 32. Kc5 Kf6 33. Kd6
g4 34. e5+ Kf7 35. Nd4 Ne3 36. Kd7 Nd5 37. Kxc6 Ne7+ 38. Kd7 h5 39. b4 h4 40.
b5 g3 41. hxg3 h3 42. Nf3 Ng6 43. a4 Kf8 44. Kd6 Ne7 45. g4 Ke8 46. a5 Kd8 47.
Ke6 Ng6 48. Kf6 Nf4 49. g5 Nd5+ 50. Kf7 1-0

[Event "North Wales Fide Open"]
[Site "Colwyn Bay"]
[Date "2016.07.03"]
[Round "4"]
[White "Taylor, Robert Graham"]
[Black "Jones, Steven A"]
[Result "0-1"]
[WhiteElo "1922"]
[BlackElo "2186"]
[PlyCount "92"]
[EventDate "2016.??.??"]
[EventType "swiss"]
[EventRounds "5"]
[EventCountry "WLS"]

1. Nf3 d6 2. e4 c5 3. c3 Nf6 4. Be2 g6 5. O-O Bg7 6. d3 O-O 7. h3 Nc6 8. Be3 c4
9. Na3 cxd3 10. Bxd3 Bd7 11. Qd2 Rc8 12. Bh6 Ne5 13. Nxe5 dxe5 14. Bxg7 Kxg7
15. Rad1 Qc7 16. Nc4 Bb5 17. Ne3 Rfd8 18. Qc2 Bc6 19. g3 Rd7 20. Kh2 Rcd8 21.
f3 Nh5 22. Be2 e6 23. Rxd7 Rxd7 24. Bc4 Qd8 25. Rf2 Nxg3 26. Ng4 Qg5 27. Kxg3
h5 28. Qe2 Qf4+ 29. Kg2 hxg4 30. hxg4 Rd8 31. Kh1 Rh8+ 32. Kg1 Rh3 33. Qd2 Qxd2
34. Rxd2 Rxf3 35. Re2 Rg3+ 36. Kf2 Rxg4 37. Bd3 f5 38. exf5 Rg2+ 39. Kf1 Rxe2
40. f6+ Kxf6 41. Bxe2 Kf5 42. Bd3+ e4 43. Be2 Kf4 44. Kf2 g5 45. c4 e3+ 46. Kg1
Bf3 0-1

[Event "North Wales Fide Open"]
[Site "Colwyn Bay"]
[Date "2016.07.03"]
[Round "4"]
[White "Blackburn, Joathan Lb"]
[Black "Adebajo, Olufemi"]
[Result "1-0"]
[WhiteElo "2183"]
[BlackElo "1932"]
[PlyCount "77"]
[EventDate "2016.??.??"]
[EventType "swiss"]
[EventRounds "5"]
[EventCountry "WLS"]

1. d4 e6 2. c4 c6 3. g3 d5 4. Bg2 f5 5. Nh3 Nf6 6. O-O Bd6 7. Bf4 Be7 8. Nd2
O-O 9. b3 a5 10. Nf3 Na6 11. Ne5 Ng4 12. f3 Nxe5 13. Bxe5 Bf6 14. Bxf6 Qxf6 15.
e4 dxc4 16. e5 Qh6 17. bxc4 Qe3+ 18. Kh1 Rd8 19. Re1 Qxd4 20. Qe2 Qb6 21. Rab1
Qc7 22. Qe3 Nb4 23. Red1 Re8 24. a3 Na6 25. Rd6 a4 26. Nf4 Qa5 27. Nh5 Qc5 28.
Qf4 h6 29. Rbd1 g5 30. Nf6+ Kf7 31. Qc1 Re7 32. f4 g4 33. h3 gxh3 34. Bf3 Qf2
35. Bh5+ Kg7 36. Qd2 Qg2+ 37. Qxg2 hxg2+ 38. Kxg2 Nc7 39. Rd8 1-0

[Event "North Wales Fide Open"]
[Site "Colwyn Bay"]
[Date "2016.07.03"]
[Round "4"]
[White "Carr, Steven"]
[Black "De Coverly, Roger D"]
[Result "1/2-1/2"]
[WhiteElo "1873"]
[BlackElo "2082"]
[PlyCount "71"]
[EventDate "2016.??.??"]
[EventType "swiss"]
[EventRounds "5"]
[EventCountry "WLS"]

1. d4 Nf6 2. c4 g6 3. Nc3 Bg7 4. e4 d6 5. Be2 O-O 6. Be3 e5 7. d5 a5 8. g4 Na6
9. f3 Ne8 10. h4 f5 11. g5 f4 12. Bf2 h6 13. gxh6 Bxh6 14. Bf1 Ng7 15. Bh3 Bxh3
16. Rxh3 Nh5 17. Qd2 Kf7 18. O-O-O Qd7 19. Kb1 b6 20. Qc2 Nc5 21. Bxc5 bxc5 22.
Nb5 Bg7 23. Rh2 Bf6 24. Nh3 Rh8 25. Nf2 Ng3 26. Ng4 Bxh4 27. Qg2 Kg7 28. Rd2
Rh7 29. a3 Rah8 30. Qg1 Kf8 31. Ka2 Bd8 32. Rxh7 Rxh7 33. Rh2 Kg8 34. Kb3 Rxh2
35. Qxh2 Qh7 36. Na7 1/2-1/2

[Event "North Wales Fide Open"]
[Site "Colwyn Bay"]
[Date "2016.07.03"]
[Round "4"]
[White "Bennion, David"]
[Black "Bryant, Richard B E"]
[Result "1/2-1/2"]
[WhiteElo "1965"]
[BlackElo "1994"]
[PlyCount "82"]
[EventDate "2016.??.??"]
[EventType "swiss"]
[EventRounds "5"]
[EventCountry "WLS"]

1. d4 d5 2. c4 c6 3. Nc3 dxc4 4. a4 e6 5. e4 Bb4 6. Bxc4 Ne7 7. f4 c5 8. d5
exd5 9. exd5 O-O 10. Nf3 Nd7 11. O-O Nb6 12. Bd3 h6 13. d6 Nf5 14. Ne4 c4 15.
Bb1 Nxd6 16. Ng3 Nd7 17. Qc2 Bc5+ 18. Kh1 f5 19. Ne5 Nf6 20. Nxc4 Nde4 21. Nxe4
Nxe4 22. Be3 Bxe3 23. Nxe3 Be6 24. Nxf5 Bxf5 25. Qc4+ Kh8 26. Bxe4 Rc8 27. Qd5
Qxd5 28. Bxd5 b6 29. a5 Rc5 30. Bf3 bxa5 31. g4 Bd7 32. f5 Rb8 33. Rfd1 Be8 34.
Re1 Kg8 35. Re7 Kf8 36. Rae1 Ba4 37. Rxa7 Rxb2 38. Ra8+ Kf7 39. Ra7+ Kf8 40.
Ra8+ Kf7 41. Ra7+ Kf8 1/2-1/2

[Event "North Wales Fide Open"]
[Site "Colwyn Bay"]
[Date "2016.07.03"]
[Round "4"]
[White "Betts, Richard"]
[Black "Forster, James Connor C"]
[Result "0-1"]
[WhiteElo "1802"]
[BlackElo "1841"]
[PlyCount "82"]
[EventDate "2016.??.??"]
[EventType "swiss"]
[EventRounds "5"]
[EventCountry "WLS"]

1. d4 d5 2. Nf3 Nf6 3. e3 Bf5 4. Nbd2 e6 5. Ne5 h6 6. Bd3 Nbd7 7. Bxf5 exf5 8.
Nd3 Bd6 9. c4 c6 10. c5 Bc7 11. b4 Ne4 12. Nxe4 fxe4 13. Nf4 Qg5 14. h4 Qf6 15.
a4 a5 16. Ne2 axb4 17. Bd2 b3 18. Ra3 O-O 19. Qxb3 b6 20. cxb6 Nxb6 21. Qc2 Nc4
22. Ra2 Rfb8 23. Nc3 Ba5 24. O-O Nxd2 25. Qxd2 Rb3 26. Rc1 Qd6 27. Rac2 Qa3 28.
f3 f5 29. g4 Rf8 30. gxf5 Rxf5 31. fxe4 dxe4 32. Qg2 Rxc3 33. Qxe4 Rxc2 34.
Rxc2 Qa1+ 35. Kh2 Bc7+ 36. Kh3 Qf1+ 37. Rg2 Rf3+ 38. Kg4 Qxg2+ 39. Kh5 Qg3 40.
Qe6+ Kh7 41. Qe4+ g6+ 0-1

[Event "North Wales Fide Open"]
[Site "Colwyn Bay"]
[Date "2016.07.03"]
[Round "4"]
[White "Van Kemenade, Rudy"]
[Black "Wilson, Matthew R"]
[Result "1/2-1/2"]
[WhiteElo "2007"]
[BlackElo "1772"]
[PlyCount "66"]
[EventDate "2016.??.??"]
[EventType "swiss"]
[EventRounds "5"]
[EventCountry "WLS"]

1. e4 c5 2. Nf3 e6 3. d3 d5 4. Qe2 Be7 5. g3 Nf6 6. Bg2 Nc6 7. O-O O-O 8. e5
Nd7 9. c4 f6 10. exf6 Nxf6 11. Bf4 Bd6 12. Bxd6 Qxd6 13. Nc3 d4 14. Ne4 Nxe4
15. Qxe4 e5 16. Qd5+ Qxd5 17. cxd5 Bg4 18. dxc6 Bxf3 19. cxb7 Rab8 20. Rac1
Rxb7 21. b3 Bxg2 22. Kxg2 Rc7 23. Rfe1 Re8 24. f3 Kf7 25. b4 Rec8 26. Rxe5 cxb4
27. Rxc7+ Rxc7 28. Rb5 Rc2+ 29. Kh3 Rc3 30. Rxb4 Rxd3 31. Rb7+ Kf6 32. Rxa7
Rxf3 33. Rd7 Ra3 1/2-1/2

[Event "North Wales Fide Open"]
[Site "Colwyn Bay"]
[Date "2016.07.03"]
[Round "4"]
[White "Shakespeare, John"]
[Black "Van Kemenade, Julie"]
[Result "1-0"]
[WhiteElo "1928"]
[BlackElo "1726"]
[PlyCount "65"]
[EventDate "2016.??.??"]
[EventType "swiss"]
[EventRounds "5"]
[EventCountry "WLS"]

1. d4 d6 2. Nf3 Nf6 3. c4 Nbd7 4. Nc3 g6 5. e4 e5 6. d5 Bg7 7. Be2 O-O 8. Rb1
Ne8 9. O-O f5 10. Ng5 Ndf6 11. Qc2 f4 12. Ne6 Bxe6 13. dxe6 c6 14. Rd1 Qe7 15.
b4 Qxe6 16. c5 Qe7 17. Ba3 dxc5 18. bxc5 b5 19. Bxb5 cxb5 20. Nxb5 Qe6 21. c6
Rf7 22. Nd6 Nxd6 23. Bxd6 Bf8 24. Rb8 Rxb8 25. Bxb8 Qg4 26. h3 Qc8 27. Bxe5 Ne8
28. Qc4 Be7 29. Rd7 Kf8 30. Rxa7 f3 31. Rb7 fxg2 32. Kxg2 g5 33. Rb8 1-0

[Event "North Wales Fide Open"]
[Site "Colwyn Bay"]
[Date "2016.07.03"]
[Round "4"]
[White "McDonagh, Michael"]
[Black "Kirkwood, Robin"]
[Result "1/2-1/2"]
[WhiteElo "1901"]
[BlackElo "1632"]
[PlyCount "117"]
[EventDate "2016.??.??"]
[EventType "swiss"]
[EventRounds "5"]
[EventCountry "WLS"]

1. Nf3 c6 2. c4 d5 3. g3 Nf6 4. Bg2 Bf5 5. O-O Nbd7 6. cxd5 cxd5 7. d4 h6 8.
Nc3 e6 9. b3 Bb4 10. Bb2 O-O 11. a3 Be7 12. Rc1 Rc8 13. Ne5 Ne4 14. Nxe4 Bxe4
15. Rxc8 Qxc8 16. Nxd7 Bxg2 17. Kxg2 Qxd7 18. Qd3 Rc8 19. Rc1 Rxc1 20. Bxc1 Qc6
21. Bb2 a6 22. f3 Bg5 23. a4 Bc1 24. Bc3 Ba3 25. Bd2 Bc1 26. Bb4 Qb6 27. Bc5
Qa5 28. Bd6 Qd2 29. Qxd2 Bxd2 30. Kf2 f5 31. e3 Kf7 32. Ke2 Bc1 33. Kd3 g5 34.
h3 Ke8 35. g4 f4 36. e4 Kf7 37. Be5 Ba3 38. exd5 exd5 39. Kc3 Bf8 40. Bc7 Ke6
41. Bb6 Kd7 42. Ba5 Kc6 43. Bd8 Kd7 44. Bf6 Ke6 45. Be5 Kd7 46. Bb8 Kc6 47. Be5
Kd7 48. Kd3 Ke6 49. Ke2 Kf7 50. Bc7 Ke6 51. Kf2 Be7 52. h4 Bf6 53. Bb6 Kd7 54.
hxg5 hxg5 55. Ke2 Kc6 56. a5 Kb5 57. Kd3 Kb4 58. Kc2 Be7 59. Bc7 1/2-1/2

[Event "North Wales Fide Open"]
[Site "Colwyn Bay"]
[Date "2016.07.03"]
[Round "4"]
[White "Camp, Imogen A L"]
[Black "Greatorex, Roger"]
[Result "0-1"]
[WhiteElo "1726"]
[BlackElo "1827"]
[PlyCount "134"]
[EventDate "2016.??.??"]
[EventType "swiss"]
[EventRounds "5"]
[EventCountry "WLS"]

1. d4 e5 2. dxe5 Nc6 3. Nf3 Qe7 4. Nc3 Nxe5 5. e3 c6 6. Be2 d5 7. O-O Nf6 8.
Qd4 Nxf3+ 9. Bxf3 Qc5 10. a3 Bf5 11. Qe5+ Be6 12. b4 Qc4 13. Qd4 Qxd4 14. exd4
b5 15. Bf4 Kd7 16. Ne2 a5 17. c3 Be7 18. Rfb1 Ra7 19. a4 Rha8 20. axb5 axb4 21.
Rxa7+ Rxa7 22. bxc6+ Kxc6 23. cxb4 Rb7 24. Bd2 Bf5 25. Rb2 Be4 26. Bxe4 Nxe4
27. Be1 Nd6 28. Nf4 Nc4 29. Rb3 g5 30. Nd3 Kb5 31. Kf1 Bf6 32. Nc5 Re7 33. Rd3
Bg7 34. Bc3 h6 35. g3 g4 36. Rd1 Nd6 37. Nd3 Kc4 38. Ba1 Nb5 39. Ne5+ Bxe5 40.
dxe5 d4 41. Re1 h5 42. Re4 Kd5 43. Re1 Rxe5 44. Rc1 Kd6 45. Bb2 f6 46. Rd1 Kd5
47. Rc1 Ke4 48. Ke2 Rd5 49. Rc5 Rxc5 50. bxc5 Kd5 51. Kd3 Kxc5 52. Bc1 f5 53.
Bh6 Nc7 54. Bg7 Ne6 55. Bh8 Kd5 56. Bf6 Nc5+ 57. Ke2 Ke4 58. Bg5 Ne6 59. Bc1 f4
60. Bd2 d3+ 61. Ke1 Kf3 62. Bc1 fxg3 63. hxg3 Nc5 64. Be3 Ne4 65. Bf4 Nxf2 66.
Kd2 h4 67. Ke1 h3 0-1

[Event "North Wales Fide Open"]
[Site "Colwyn Bay"]
[Date "2016.07.03"]
[Round "4"]
[White "Rahulan, Thivyaa"]
[Black "Guy, David"]
[Result "1/2-1/2"]
[WhiteElo "1378"]
[BlackElo "1870"]
[PlyCount "56"]
[EventDate "2016.??.??"]
[EventType "swiss"]
[EventRounds "5"]
[EventCountry "WLS"]

1. e4 e5 2. Nf3 Nc6 3. Bc4 Be7 4. O-O d6 5. h3 h6 6. Nc3 Nf6 7. d3 O-O 8. a3
Bd7 9. Be3 Na5 10. Ba2 c5 11. Nd5 Nxd5 12. Bxd5 Nc6 13. c3 Rb8 14. Qd2 Kh7 15.
d4 b6 16. dxe5 Nxe5 17. Nxe5 dxe5 18. Qc2 g6 19. Rad1 Qc8 20. Qd2 h5 21. Bxf7
Bxh3 22. Bxg6+ Kxg6 23. gxh3 Qxh3 24. Qd7 Qh4 25. Qe6+ Rf6 26. Qxe7 Qg4+ 27.
Kh1 Qh3+ 28. Kg1 Qg4+ 1/2-1/2

[Event "North Wales Fide Open"]
[Site "Colwyn Bay"]
[Date "2016.07.03"]
[Round "5"]
[White "Jones, Steven A"]
[Black "Blackburn, Joathan Lb"]
[Result "0-1"]
[WhiteElo "2186"]
[BlackElo "2183"]
[PlyCount "140"]
[EventDate "2016.??.??"]
[EventType "swiss"]
[EventRounds "5"]
[EventCountry "WLS"]

1. e4 e6 2. d4 d5 3. Nc3 Bb4 4. e5 c5 5. a3 Ba5 6. b4 cxd4 7. Nb5 Bc7 8. f4 Bd7
9. Nxc7+ Qxc7 10. Bb2 Nh6 11. Bd3 a6 12. Nf3 Nc6 13. Qe2 Qb6 14. O-O Ng4 15.
Rfe1 Qa7 16. Kh1 f5 17. h3 h5 18. g3 Ne3 19. b5 axb5 20. Nxd4 Nxd4 21. Qxe3 Nc6
22. Qe2 Qc5 23. Bxb5 Na5 24. a4 Bxb5 25. Qxb5+ Qxb5 26. axb5 Kd7 27. Bd4 Nc4
28. Rxa8 Rxa8 29. c3 g6 30. g4 hxg4 31. hxg4 Nd2 32. Kg2 Rh8 33. Re3 Ne4 34.
Rh3 Rxh3 35. Kxh3 Nd2 36. gxf5 gxf5 37. Kh4 Ke8 38. Kh5 Kf7 39. Kh6 Nb1 40. Kh7
Na3 41. b6 Nb1 42. Kh6 Nd2 43. Kh7 Nf1 44. Bf2 Nd2 45. Be3 Ne4 46. Bd4 Ng3 47.
Be3 Ne2 48. Bd2 Ng1 49. Be3 Nf3 50. Bf2 Nd2 51. Be3 Nc4 52. Bc5 Nb2 53. Be3 Nd3
54. Kh6 d4 55. Bxd4 Nxf4 56. c4 Nd3 57. c5 Nb4 58. Kg5 Ke7 59. Bg1 Kd7 60. Kf6
f4 61. Kg5 Nd3 62. Kg4 Kc6 63. Bd4 Nxc5 64. Kxf4 Nd7 65. Ke4 Nxb6 66. Bf2 Kb5
67. Kd4 Nd5 68. Bh4 Nb4 69. Bg5 Nc6+ 70. Ke4 Kc4 0-1

[Event "North Wales Fide Open"]
[Site "Colwyn Bay"]
[Date "2016.07.03"]
[Round "5"]
[White "Jameson, David"]
[Black "Taylor, Robert Graham"]
[Result "1/2-1/2"]
[WhiteElo "2125"]
[BlackElo "1922"]
[PlyCount "116"]
[EventDate "2016.??.??"]
[EventType "swiss"]
[EventRounds "5"]
[EventCountry "WLS"]

1. e4 c5 2. c3 d6 3. d4 Nd7 4. Nf3 g6 5. Be3 Bg7 6. Bb5 Ngf6 7. Nbd2 O-O 8. O-O
a6 9. Bd3 Ng4 10. Bg5 b6 11. h3 Ngf6 12. Qe2 h6 13. Bf4 Ne8 14. e5 dxe5 15.
dxe5 Nc7 16. Bg3 Bb7 17. e6 Nxe6 18. Bxg6 fxg6 19. Qxe6+ Kh7 20. Rfe1 Bf6 21.
Rad1 Qc8 22. Ne4 Bxe4 23. Rxe4 Nb8 24. Qxb6 Qc6 25. Re6 Qa4 26. b3 Qb5 27. c4
Qxb6 28. Rxb6 Kg7 29. Rd5 a5 30. Bxb8 Rfxb8 31. Rxb8 Rxb8 32. Rxc5 a4 33. Rb5
axb3 34. Rxb8 bxa2 35. Ra8 a1=Q+ 36. Rxa1 Bxa1 37. Kf1 Kf6 38. Ke2 e5 39. Kd3
Kf5 40. Nh4+ Kf6 41. Ke4 Bd4 42. Nf3 Bxf2 43. Nxe5 Bg3 44. Ng4+ Kg7 45. Kd5 h5
46. Ne5 Kf6 47. Nd3 g5 48. c5 g4 49. hxg4 hxg4 50. c6 Kf5 51. Kc5 Ke4 52. Kc4
Bb8 53. Nf2+ Kf4 54. Nh1 Ke3 55. Kd5 Ke2 56. Ke4 Kf1 57. Kf5 Kxg2 58. Kxg4 Kxh1
1/2-1/2

[Event "North Wales Fide Open"]
[Site "Colwyn Bay"]
[Date "2016.07.03"]
[Round "5"]
[White "De Coverly, Roger D"]
[Black "McCusker, Andrew"]
[Result "1-0"]
[WhiteElo "2082"]
[BlackElo "1653"]
[PlyCount "95"]
[EventDate "2016.??.??"]
[EventType "swiss"]
[EventRounds "5"]
[EventCountry "WLS"]

1. e4 c6 2. d4 d5 3. exd5 cxd5 4. c4 Nf6 5. Nc3 e6 6. Nf3 Nc6 7. Bd3 Be7 8. O-O
Nb4 9. Be2 dxc4 10. Bxc4 O-O 11. Bg5 h6 12. Bh4 b6 13. a3 Nbd5 14. Ne5 Bb7 15.
Bg3 Rc8 16. Nxd5 Nxd5 17. Qe2 Bd6 18. Rad1 Qc7 19. Bb3 a5 20. Qd2 Rfd8 21. Rc1
Qe7 22. Qd3 Rc7 23. Rxc7 Qxc7 24. Bc2 Nf6 25. Re1 Rc8 26. Bb3 Be4 27. Qe3 Qb7
28. Nxf7 Bxg3 29. Bxe6 Qc6 30. Nd8+ Qxe6 31. Nxe6 Bxh2+ 32. Kf1 Re8 33. Qh3 Bd6
34. f3 Bd5 35. Qf5 Bc4+ 36. Kf2 a4 37. Nf4 Rf8 38. Ng6 Rf7 39. Qc8+ Kh7 40. Ne5
Rc7 41. Qf5+ Kh8 42. Nxc4 Rxc4 43. Re6 Rxd4 44. Rxf6 Bc5 45. Rf8+ Bxf8 46.
Qxf8+ Kh7 47. Qf5+ Kh8 48. Qb5 1-0

[Event "North Wales Fide Open"]
[Site "Colwyn Bay"]
[Date "2016.07.03"]
[Round "5"]
[White "Bryant, Richard B E"]
[Black "Carr, Steven"]
[Result "1/2-1/2"]
[WhiteElo "1994"]
[BlackElo "1873"]
[PlyCount "78"]
[EventDate "2016.??.??"]
[EventType "swiss"]
[EventRounds "5"]
[EventCountry "WLS"]

1. e4 d5 2. exd5 Nf6 3. c4 e6 4. dxe6 Bxe6 5. Nf3 Qe7 6. Qe2 Nc6 7. d4 Bf5 8.
a3 Na5 9. Nbd2 c5 10. dxc5 O-O-O 11. b4 Qd7 12. Bb2 Ng4 13. h3 Re8 14. hxg4
Rxe2+ 15. Bxe2 Bg6 16. bxa5 Bxc5 17. Nb3 Bd6 18. Nbd4 Re8 19. Kf1 Qxg4 20. Rd1
Bc5 21. Rh4 Qd7 22. Nb3 Qe7 23. Rd2 Bxf2 24. Kxf2 Qe3+ 25. Kf1 Qxb3 26. Rhd4 f6
27. Bd1 Qe3 28. Ba4 Re7 29. Bc2 Bxc2 30. Rxc2 Qb3 31. Rcd2 Qa4 32. Ne1 Qxa5 33.
Nc2 Qf5+ 34. Rf2 Qh5 35. Kg1 Re2 36. Nb4 Re1+ 37. Rf1 Qe2 38. Rxe1 Qxe1+ 39.
Kh2 Qe5+ 1/2-1/2

[Event "North Wales Fide Open"]
[Site "Colwyn Bay"]
[Date "2016.07.03"]
[Round "5"]
[White "Adebajo, Olufemi"]
[Black "Bennion, David"]
[Result "0-1"]
[WhiteElo "1932"]
[BlackElo "1965"]
[PlyCount "58"]
[EventDate "2016.??.??"]
[EventType "swiss"]
[EventRounds "5"]
[EventCountry "WLS"]

1. e4 e6 2. d4 d5 3. e5 c5 4. c3 Nc6 5. Nf3 Qb6 6. Bd3 Bd7 7. dxc5 Bxc5 8. O-O
f6 9. exf6 gxf6 10. b4 Bd6 11. Nh4 O-O-O 12. Na3 Nge7 13. Nb5 Be5 14. Be3 d4
15. cxd4 Nxd4 16. Rc1+ Kb8 17. a4 Bxb5 18. axb5 Nd5 19. Bxd4 Bxd4 20. Qf3 Ne3
21. Rfe1 Ng4 22. Re2 Bxf2+ 23. Rxf2 Nxf2 24. Qxf2 Qxf2+ 25. Kxf2 Rxd3 26. Nf3
Rc8 27. Re1 Rc2+ 28. Kg3 e5 29. Re4 Rb3 0-1

[Event "North Wales Fide Open"]
[Site "Colwyn Bay"]
[Date "2016.07.03"]
[Round "5"]
[White "Kirkwood, Robin"]
[Black "Forster, James Connor C"]
[Result "1/2-1/2"]
[WhiteElo "1632"]
[BlackElo "1841"]
[PlyCount "52"]
[EventDate "2016.??.??"]
[EventType "swiss"]
[EventRounds "5"]
[EventCountry "WLS"]

1. g3 d5 2. Bg2 Nf6 3. f4 c6 4. Nf3 Nbd7 5. d3 Qb6 6. e3 e6 7. Nc3 Bd6 8. e4
Ng4 9. Qe2 dxe4 10. Nxe4 Be7 11. h3 Ngf6 12. Qe3 Nd5 13. Qxb6 N7xb6 14. c3 Bd7
15. d4 Nc4 16. Ke2 Nd6 17. Nxd6+ Bxd6 18. Ne5 Ne7 19. Rf1 Rb8 20. g4 c5 21. Nc4
Bb5 22. Kd3 Rc8 23. b3 cxd4 24. cxd4 b6 25. a4 Bxc4+ 26. bxc4 O-O 1/2-1/2

[Event "North Wales Fide Open"]
[Site "Colwyn Bay"]
[Date "2016.07.03"]
[Round "5"]
[White "Wilson, Matthew R"]
[Black "Rahulan, Thivyaa"]
[Result "1/2-1/2"]
[WhiteElo "1772"]
[BlackElo "1378"]
[PlyCount "114"]
[EventDate "2016.??.??"]
[EventType "swiss"]
[EventRounds "5"]
[EventCountry "WLS"]

1. e4 e6 2. d4 d5 3. Nc3 Nf6 4. Bg5 Be7 5. e5 Nfd7 6. h4 Bxg5 7. hxg5 Qxg5 8.
Qd3 h6 9. Nh3 Qe7 10. O-O-O Nb6 11. f4 Nc6 12. Qf3 Bd7 13. g4 O-O-O 14. Kb1 Qb4
15. a3 Qe7 16. Be2 Na5 17. f5 Qf8 18. Bd3 Nac4 19. Nf4 c5 20. Bxc4 Nxc4 21.
dxc5 Qxc5 22. Nd3 Qe3 23. Qxe3 Nxe3 24. Rde1 Nxg4 25. fxe6 fxe6 26. Ne2 g5 27.
Nd4 b6 28. Kc1 Rdf8 29. Re2 Kd8 30. a4 Ke7 31. a5 bxa5 32. Kd2 a4 33. Nc5 Rf4
34. c3 Nf2 35. Ra1 g4 36. Nxd7 Kxd7 37. Rxa4 Ra8 38. Ra6 Ne4+ 39. Kc2 Nc5 40.
Rd6+ Ke7 41. b4 Ne4 42. Rxe6+ Kf7 43. Rxh6 Kg7 44. Ne6+ Kxh6 45. Nxf4 Rd8 46.
Ne6 Re8 47. Rh2+ Kg6 48. Nf4+ Kf5 49. Nxd5 Kxe5 50. Rh5+ Kd6 51. Ne3 g3 52.
Rh6+ Ke5 53. Rg6 Kf4 54. Ng2+ Kf3 55. Nh4+ Kf4 56. Ng2+ Kf3 57. Nh4+ Kf4
1/2-1/2